Šlabikár pre 4. ročník špeciálnych základných škôl : (variant B)

Bibliographic Details
Main Authors: Škultétyová, Silvia (Author), Čertíková, Lenka (Author)
Other Authors: Ondreičková, Daniela, 1951- (Illustrator)
Format: Book
Language:Slovak
PhysicalDescription:46 s. fareb. fotogr., ilustr. 30 cm
Published: Bratislava Expol pedagogika 2013
ISBN:9788080912963
Edition:2. vyd.
Subjects:

MARC

LEADER 00000cam a2200000 a 4500
001 vtls010523600
003 SK-MaSNL
005 20260301174410.0
008 240318s2013 xo oa b 000 0 slo
015 |a SNBA2014/03 
020 |a 9788080912963  |q (brož.) 
035 |a 2334D114-B636-4C0B-8508-A8D2550B1059 
035 |a urn:nbn:sk:snk-amjyrt 
035 |a urn:nbn:sk:snk-am0080is 
040 |a SNK  |b slo  |c SNK  |e AACR2 
041 0 |a slo 
044 |a xo  |c SK 
072 7 |a 373.2/.3  |x Predškolská a primárna výchova a vzdelávanie  |2 konspekt 
080 |a 37.016:028-028.31  |2 2001 
080 |a (075.2)  |2 2001 
100 1 |a Škultétyová, Silvia  |4 aut  |9 225292 
245 1 0 |a Šlabikár  |b pre 4. ročník špeciálnych základných škôl : (variant B)  |c [autorky Silvia Škultétyová, Lenka Čertíková ; ilustrácie Daniela Ondreičková] 
250 |a 2. vyd. 
260 |a Bratislava  |b Expol pedagogika  |c 2013 
300 |a 46 s.  |b fareb. fotogr., ilustr.  |c 30 cm 
650 0 7 |a čítanie  |2 SNKPH  |9 1654 
650 0 7 |a Reading  |2 SNKPHeng  |9 276976 
655 7 |a učebnice špeciálnych základných škôl  |2 SNKPH  |9 70204 
655 7 |a šlabikáre  |2 SNKPH  |9 70665 
655 7 |a Textbooks (elementary)  |2 SNKPHeng  |9 276977 
655 7 |a Primers  |2 SNKPHeng  |9 326147 
700 1 |a Čertíková, Lenka  |4 aut  |9 334194 
700 1 |a Ondreičková, Daniela,  |d 1951-  |4 ill  |9 193858 
852 |a Štátna vedecká knižnica v Banskej Bystrici 
919 |a 978-80-8091-296-3 
999 |c 839568  |d 841498 
952 |a SNK  |b SNK  |y PREZ  |7 0  |p 17A1106442  |o snkSB 86364  |i snk2014/6865  |8 0  |0 0  |1 0  |4 0  |d 2014-03-17  |f 1  |l 0  |r 2025-05-07 00:00:00  |w 2026-02-24 
952 |a SNK  |b SNK  |y VYP  |7 0  |p 17A1106443  |o snkSB 86364 D1  |i snk2014/6866  |8 0  |0 0  |1 0  |4 0  |d 2014-03-17  |l 0  |r 2016-06-30 00:00:00  |w 2026-02-24